书目信息 |
| 题名: |
科学技术史
|
|
| 作者: | 张密生 主编 | |
| 分册: | ||
| 出版信息: | 武汉 武汉大学出版社 2009.03 |
|
| 页数: | 428页 | |
| 开本: | 21cm | |
| 丛书名: | 21世纪高等学校通识教育系列教材 | |
| 单 册: | ||
| 中图分类: | N091 | |
| 科图分类: | ||
| 主题词: | 自然科学史--zi ran ke xue shi--高等学校--世界--教材 | |
| 电子资源: | ||
| ISBN: | 978-7-307-06865-0 | |
| 000 | 01054nam 2200277 450 | |
| 001 | 012010472093 | |
| 005 | 20100415113150.65 | |
| 010 | @a978-7-307-06865-0@dCNY22.00 | |
| 100 | @a20100415d2009 em y0chiy0120 ea | |
| 101 | 0 | @achi |
| 102 | @aCN@b420000 | |
| 105 | @ay z 000yy | |
| 106 | @ar | |
| 200 | 1 | @a科学技术史@Ake xue ji shu shi@f张密生主编@Fzhu bian zhang mi sheng |
| 205 | @a第2版 | |
| 210 | @a武汉@c武汉大学出版社@d2009.03 | |
| 215 | @a428页@d21cm | |
| 225 | 2 | @a21世纪高等学校通识教育系列教材@A21 shi ji gao deng xue xiao tong shi jiao yu xi lie jiao cai |
| 300 | @a普通高等教育“十一五”国家级规划教材 | |
| 330 | @a本书包括:科学技术的起源、古代河流文明的科学技术、古希腊罗马的科学技术、近代科学的兴起与第一次技术革命、基础科学的新发展、中国科学技术的现代发展等13章内容。 | |
| 410 | 0 | @12001 @a21世纪高等学校通识教育系列教材 |
| 606 | 0 | @a自然科学史@Azi ran ke xue shi@x高等学校@y世界@j教材 |
| 690 | @aN091@v4 | |
| 701 | 0 | @a张密生@Azhang mi sheng@4主编 |
| 801 | 0 | @aCN@bQSSK@c20100415 |
| 905 | @b778094-96@dN091@eZ146@f3 | |
| 科学技术史/张密生主编.-第2版.-武汉:武汉大学出版社,2009.03 |
| 428页;21cm.-(21世纪高等学校通识教育系列教材) |
| 普通高等教育“十一五”国家级规划教材 |
| ISBN 978-7-307-06865-0:CNY22.00 |
| 本书包括:科学技术的起源、古代河流文明的科学技术、古希腊罗马的科学技术、近代科学的兴起与第一次技术革命、基础科学的新发展、中国科学技术的现代发展等13章内容。 |
| ● |
| 相关链接 |
|
|
|
正题名:科学技术史
索取号:N091/Z146
 
预约/预借
| 序号 | 登录号 | 条形码 | 馆藏地/架位号 | 状态 | 备注 |
| 1 | 778094 | 207780944 | 社科二线400B/400B社科库 6排1列1层/ [索取号:N091/Z146] | 在馆 | |
| 2 | 778095 | 207780953 | 期刊室512/401自科库 135排1列3层/ [索取号:N091/Z146] | 在馆 | |
| 3 | 778096 | 207780962 | 自科库401/401自科库 137排2列4层/ [索取号:N091/Z146] | 在馆 |